| 000 | 004630000a22001570004500 | ||
|---|---|---|---|
| 090 |
_aAR _b00277 |
||
| 245 | 1 | 0 | _aGeología y catastrofes naturales |
| 650 | 1 | 4 |
_aGeología ambiental _984544 |
| 650 | 1 | 4 |
_aFenómenos naturales _931028 |
| 650 | 1 | 4 |
_aMapas de amenazas _993135 |
| 651 | 4 |
_pColombia _992749 |
|
| 041 | 0 | _aEspañol | |
| 100 | 1 |
_aRoa, Edgar Enrique _993134 |
|
| 942 | _cARTICULO | ||
| 773 | 1 |
_tRevista Universidad Nacional de Colombia _3109 _h24 _q11-16 _d1990 _g6 |
|
| 999 |
_c9377 _d9377 |
||